[Event "Stay Safe Play From Home 346"]
[Site "Emanuel Lasker Arena"]
[Date "2020.07.31"]
[Round "8"]
[White "Trotsky"]
[Black "Mw testing"]
[Result "0-1"]
[WhiteElo "1563"]
[BlackElo "1639"]
[Annotator "NA RC"]
[PlyCount "58"]
[EventDate "2020.07.31"]
[EventType "swiss (blitz)"]

1. d4 {[%emt 0:00:28]} d5 {[%emt 0:00:02]} 2. c3 {[%emt 0:00:01]} Nf6 {[%emt 0:00:02]} 3. e4 {[%emt 0:00:01]} dxe4 {[%emt 0:00:02]} 4. c4 {[%emt 0:00:01]} Nc6 {[%emt 0:00:02]} 5. Nc3 {[%emt 0:00:01]} Qxd4 {[%emt 0:00:02]} 6. Qb3 {[%emt 0:00:02]} e5 {[%emt 0:00:04]} 7. Be3 {[%emt 0:00:01]} Qd8 {[%emt 0:00:01]} 8. a3 {[%emt 0:00:05]} Be7 {[%emt 0:00:02]} 9. Nd5 {[%emt 0:00:01]} O-O {[%emt 0:00:01]} 10. O-O-O {[%emt 0:00:01]} Nxd5 {[%emt 0:00:04]} 11. cxd5 {[%emt 0:00:01]} Nd4 {[%emt 0:00:01]} 12. Bxd4 {[%emt 0:00:02]} exd4 {[%emt 0:00:01]} 13. Rxd4 {[%emt 0:00:01]} Bf6 {[%emt 0:00:01]} 14. Rd3 {[%emt 0:00:02]} exd3 {[%emt 0:00:02]} 15. Bxd3 {[%emt 0:00:01]} Bd7 {[%emt 0:00:02]} 16. Qc2 {[%emt 0:00:01]} h6 {[%emt 0:00:02]} 17. Nf3 {[%emt 0:00:01]} Re8 {[%emt 0:00:01]} 18. h4 {[%emt 0:00:01]} Bg4 {[%emt 0:00:01]} 19. Ng5 {[%emt 0:00:01]} Qxd5 {[%emt 0:00:05]} 20. Bh7+ {[%emt 0:00:01]} Kh8 {[%emt 0:00:02]} 21. Bg8 {[%emt 0:00:01]} Qc6 {[%emt 0:00:09] '} 22. Qxc6 {[%emt 0:00:01]} bxc6 {[%emt 0:00:01]} 23. Bxf7 {[%emt 0:00:01]} Rf8 {[%emt 0:00:01]} 24. Bg6 {[%emt 0:00:01]} Rfe8 {[%emt 0:00:01]} 25. Bc2 {[%emt 0:00:01]} Kg8 {[%emt 0:00:02]} 26. Ne4 {[%emt 0:00:01]} Kh8 {[%emt 0:00:02]} 27. f3 {[%emt 0:00:00]} Rxe4 {[%emt 0:00:02]} 28. fxe4 {[%emt 0:00:01]} Bf5 {[%emt 0:00:01]} 29. Re1 {[%emt 0:00:01]} Bxe4 {[%emt 0:00:00] Âðåìÿ (Lag: Av=0.22s, max=0.8s)} 0-1

[Event "Stay Safe Play From Home 346"]
[Site "Emanuel Lasker Arena"]
[Date "2020.07.31"]
[Round "9"]
[White "AChessPlayer"]
[Black "Buzaglo"]
[Result "1-0"]
[WhiteElo "2437"]
[BlackElo "1838"]
[Annotator "TA"]
[PlyCount "61"]
[EventDate "2020.07.31"]
[EventType "swiss (blitz)"]

{[%evp 13,60,-5,5,-39,0,-14,150,128,144,134,126,133,152,166,162,162,155,156,278,171,335,341,350,346,385,256,268,255,441,423,491,506,496,499,1345,1377,1329,1341,1352,1240,1277,1260,1251,1225,29992,5447,29975,29976,29999]} 1. Nf3 e6 2. g3 d5 3. Bg2 Nf6 4. O-O c5 5. d3 Nc6 6. Nbd2 Bd6 7. e4 O-O 8. Qe2 {Threatens to win with e5. A08: King's Indian Attack.} e5 9. exd5 {[#]} Ne7 $146 (9... Nxd5 $11 10. Nc4 Bg4) ({Predecessor:} 9... Nxd5 10. Nc4 Re8 11. c3 Bg4 12. h3 Bh5 13. Qd1 e4 14. dxe4 Rxe4 15. Nxd6 Qxd6 {1-0 (40) Reviakov,N (1262)-Grigoryan,A Kislovodsk 2015}) 10. Nc4 {White is clearly better.} Nexd5 11. Nxd6 ({Don't do} 11. Ncxe5 $6 Re8 $14) 11... Qxd6 12. Qxe5 Qxe5 13. Nxe5 Re8 14. Nc4 Be6 15. Bg5 Nd7 (15... Rad8 $16 {keeps fighting.} 16. Rae1 b6) 16. Rfe1 N5f6 $2 (16... Nb4) 17. Nd6 $18 ({But not} 17. Bxb7 Rab8 $18) 17... Rf8 18. Nxb7 ({Don't take} 18. Bxb7 Rab8 $18) 18... Rab8 19. Bxf6 Nxf6 20. b3 Nd5 $2 (20... Rfc8 21. Nd6 Rc7) 21. Nxc5 Nc3 22. Nxe6 fxe6 23. Rxe6 Nd5 (23... Rbc8 $142 24. Bh3 Rfe8) 24. Bxd5 Kh8 25. Rae1 Rfd8 26. Bc4 h6 27. a4 Kh7 28. a5 g5 29. a6 (29. Re7+ $142 Kg6 30. R1e6+ Kh5 {[#]} 31. g4+ $1 {[%mdl 576] Decoy} Kxg4 32. h3+ $1 {[%mdl 512]} Kh5 33. Rh7 $1 {[%mdl 512]} g4 34. Rhxh6+ Kg5 35. h4+ Kf5 36. Rhf6#) 29... h5 30. Re7+ {[%mdl 64] Double Attack} Kh6 31. R1e6# {White took control after the opening. Accuracy: White = 59%, Black = 25%.} 1-0

[Event "Stay Safe Play From Home 346"]
[Site "Emanuel Lasker Arena"]
[Date "2020.07.31"]
[Round "9"]
[White "Mepe_Nika"]
[Black "SoulofWolf"]
[Result "1-0"]
[WhiteElo "2396"]
[BlackElo "2024"]
[Annotator "TA"]
[PlyCount "89"]
[EventDate "2020.07.31"]
[EventType "swiss (blitz)"]

{[%evp 9,89,-3,16,11,19,13,19,2,24,2,13,4,15,6,57,50,51,20,54,11,72,58,43,33,90,60,106,85,90,64,65,49,26,35,137,132,373,85,348,344,341,208,196,212,210,219,728,693,684,628,818,817,809,795,1093,1085,1077,1061,820,697,716,688,910,894,29970,1060,1065,1065,1065,1065,1061,1061,1061,1061,4874,4874,29994,29995,29995,29996,29996,29997]} 1. d4 d5 2. Bf4 e6 3. e3 Bd6 4. Bxd6 Qxd6 5. Nd2 Ne7 {[#]} 6. c4 $146 {D00: 1 d4 d5: Unusual lines.} ({Predecessor:} 6. Bd3 b6 7. f4 Ba6 8. Qe2 Bxd3 9. Qxd3 c5 10. c3 cxd4 11. cxd4 Nbc6 12. Ngf3 {1-0 (63) Tran,M (2068)-Tessedik,K (1993) Budapest 2010}) 6... O-O 7. Ngf3 b6 8. cxd5 {The position is equal.} Nxd5 9. Bd3 Bb7 10. O-O Nd7 11. Rc1 f5 (11... c5 $11) 12. Nc4 Qe7 13. Nfe5 Rac8 14. a3 a5 (14... c5 $11 {keeps the balance.}) 15. Nxd7 Qxd7 16. Ne5 Qe8 (16... Qd6 $14) 17. Bc4 Nf6 18. f3 Nd5 19. Qe2 f4 20. e4 Ne3 21. Rfe1 $36 {[%mdl 2048] White has good play.} g5 {White stays focused until the end.} (21... c5 $14) 22. Bb5 Qh5 $2 {[#]} (22... c6 $16) 23. Nc4 $2 (23. Bd7 $18 {is more deadly.}) 23... Kh8 $2 {[%mdl 8192]} (23... Nxc4 $16 24. Qxc4 (24. Bxc4 Qf7 $16) 24... Qf7) 24. Nxe3 $18 fxe3 25. Qxe3 {Strongly threatening Bd7.} g4 {[%cal Rg4f3]} 26. Bd7 Rcd8 {[%cal Rg4f3]} 27. Bxe6 Rf6 $2 (27... gxf3 28. Rc2 c6) 28. Bxg4 Qf7 29. d5 Rf8 30. e5 Rg6 31. e6 Qg7 32. e7 Re8 33. Rxc7 Bxd5 34. h3 Bf7 35. Qe5 Rf6 36. Bd7 Rg6 37. Qxg7+ (37. Bxe8 $142 Qxe5 38. Rxe5 Bxe8 39. Rf5 Rg8 40. Rc8 Kg7 41. Rg5+ Kh8 42. Rf5) 37... Kxg7 38. Bxe8 Bxe8 {[%mdl 4096] Endgame KRR-KRB} 39. Rc8 Kf7 40. Rc4 Rd6 41. Rf4+ Kg7 42. Rf8 Bf7 {[#]} 43. Rxf7+ $1 {[%mdl 64] Remove Defender, Promotion. White mates.} Kxf7 44. e8=Q+ Kf6 45. Qe5+ {Accuracy: White = 68%, Black = 35%.} 1-0

[Event "Stay Safe Play From Home 346"]
[Site "Emanuel Lasker Arena"]
[Date "2020.07.31"]
[Round "9"]
[White "SelamiSahin"]
[Black "Nuktotitakoi"]
[Result "1-0"]
[WhiteElo "2129"]
[BlackElo "2282"]
[Annotator "TA"]
[PlyCount "87"]
[EventDate "2020.07.31"]
[EventType "swiss (blitz)"]

{[%evp 14,87,58,51,57,13,25,26,15,-36,-16,-38,-34,-75,-58,-67,-67,-61,-65,-85,-89,-98,-83,-98,-68,-93,-99,-101,-74,-95,-99,-1477,-171,-289,-287,-282,-104,-270,-70,-179,-156,-168,-161,-222,0,-184,-183,-160,0,0,0,0,45,43,149,145,170,168,166,22,275,262,258,236,384,377,421,406,453,450,410,395,12842,12843,12843,12842]} 1. d4 d6 2. c4 Nf6 3. Nc3 g6 4. e4 Bg7 5. Be2 O-O 6. Be3 c6 7. Nf3 a6 8. O-O b5 {E91: King's Indian: Classical: 6 Be2, unusual replies including 6...c5 and 6...Bg4.} 9. Qd2 b4 {[#]} 10. Na4 $146 ({Predecessor:} 10. Nd1 Nxe4 11. Qxb4 Nd7 12. b3 d5 13. Bd3 Nec5 14. Qd2 Nxd3 15. Qxd3 Nc5 16. Qc2 {0-1 (29) Somov,I-Hardt,H Dortmund 2000}) 10... Nxe4 {White has an edge.} 11. Qc2 ({White should play} 11. Qxb4 $11 Nd7 12. Qe1) 11... d5 12. Bd3 Bf5 13. Nd2 {[%cal Rd2e4]} Nxd2 14. Qxd2 Bxd3 15. Qxd3 Nd7 {[%cal Bb8d7,Bd7f6,Bf6e4][%mdl 32]} 16. cxd5 cxd5 17. Rac1 e6 18. b3 Qa5 19. Rc2 Qb5 20. Qd2 Nf6 21. Rfc1 Ne4 22. Qd3 $2 {[%mdl 8192] [#]} (22. Qd1 $17) 22... f5 $2 (22... Qxd3 23. Nb2 Qb5) 23. Qd1 (23. Nb2 $142) 23... f4 $19 24. Bd2 f3 $2 (24... Bxd4 $19 25. Be1 Ba7) 25. g3 $2 (25. Be3 $17) 25... Qe2 $2 (25... Bxd4 $19 26. Bh6 e5 27. Bxf8 Rxf8) 26. Be3 (26. Bxb4 $15 Qxd1+ 27. Rxd1) 26... Qxd1+ 27. Rxd1 Rfc8 28. Rdc1 (28. Rcc1 {keeps fighting.}) 28... Nd6 $2 (28... Rxc2 $19 29. Rxc2 e5) 29. h4 $2 (29. Rxc8+ $1 $11 {and White has nothing to worry.} Rxc8 30. Rxc8+ Nxc8 31. Nc5) 29... Rxc2 30. Rxc2 Rc8 $2 ({Black should try} 30... Nb5 $17 31. Nc5 Rc8) 31. Rxc8+ $11 Nxc8 {[%mdl 4096] Endgame KBN-KBN} 32. Nc5 e5 33. dxe5 Bxe5 ({Better is} 33... a5 $1 $14) 34. Nxa6 $16 Bc3 {next ...d4 is good for Black.} 35. Bc5 d4 {[#] Threatens to win with ...d3.} 36. Bxb4 (36. Nxb4 $18 {Strongly threatening Nd5.} Kf7 37. a4) 36... Nb6 $2 {[%mdl 8192]} (36... Kf7 $11) 37. Bxc3 dxc3 $18 {KN-KN} 38. Nb4 Kf7 (38... Nd5 $142 39. Nc2 Kg7) 39. Kf1 Ke6 40. Ke1 Ke5 41. Kd1 Kd4 42. Kc2 Nd5 $2 (42... Nd7 43. Nd3 Nf6) 43. Nxd5 Kxd5 44. Kxc3 {Accuracy: White = 46%, Black = 30%.} 1-0

[Event "Stay Safe Play From Home 346"]
[Site "Emanuel Lasker Arena"]
[Date "2020.07.31"]
[Round "9"]
[White "Hickey"]
[Black "Tolka"]
[Result "0-1"]
[WhiteElo "2034"]
[BlackElo "2286"]
[Annotator "TA"]
[PlyCount "132"]
[EventDate "2020.07.31"]
[EventType "swiss (blitz)"]

{[%evp 10,132,24,24,30,-8,-12,-22,-13,-13,0,-20,0,-4,0,0,3,-8,18,-35,0,0,0,0,0,-41,38,41,53,41,56,36,56,28,43,20,27,0,0,0,7,0,0,0,70,70,81,40,75,52,87,81,127,106,140,56,51,14,20,4,0,-86,-73,-61,-14,-97,-8,-83,-75,-83,0,-137,-110,-183,-38,-59,-43,-124,0,-71,0,-332,-335,-295,-87,-105,-99,-87,-92,-266,-266,-298,-308,-307,-226,-275,-264,-254,-240,-258,-189,-320,-317,-357,0,0,395,395,1534,1400,29991,29985,29987,29988,29976,866,812,697,29986,-184,29994,29994,29994,29994,29995]} 1. Nf3 d6 2. g3 Nf6 3. Bg2 g6 4. O-O Bg7 5. d4 O-O 6. c4 Ne4 {E60: King's Indian: Unusual lines and Fianchetto Variation without Nc3.} 7. Nc3 Nxc3 8. bxc3 {[#]} Nd7 $146 {The position is equal.} ({Predecessor:} 8... e5 9. Bg5 Qe8 10. Qb3 Nc6 11. Be3 b6 12. dxe5 dxe5 13. Nxe5 Bxe5 14. Qb5 Bb7 15. Rad1 Bxc3 16. Rd3 Bg7 17. Rfd1 a6 18. Qa4 Rb8 19. R3d2 Ne5 {0-1 (19) Putka,V (2448)-Troyke,C (2247) Tallinn 2019}) 9. e4 e5 10. Qd3 c6 11. Rd1 Qc7 12. Be3 Re8 13. Rac1 Nf6 14. Nd2 (14. c5 $11) 14... Bg4 15. f3 Bd7 16. Nb3 Rad8 17. c5 dxc5 (17... d5 $15) 18. Nxc5 $14 Bc8 19. Qe2 b6 20. Nb3 Nd7 21. Qf2 Ba6 22. Bh3 Bc4 23. Bf1 Bxf1 24. Qxf1 Nf8 25. Qf2 Ne6 26. d5 Nf8 (26... cxd5 $11 27. exd5 Nf8) 27. c4 c5 28. Rc2 Qd6 29. Nc1 Nd7 30. Nd3 Nf6 {[%cal Bd7f6,Bf6e8,Be8d6,Bd6c4][%mdl 32]} 31. Rf1 Rf8 {[#]} 32. Re2 (32. Nxc5 $1 $16 {[%mdl 512] Strongly threatening Nb7.} bxc5 33. Bxc5 {[%mdl 64] Double Attack}) 32... Ne8 33. Qg2 Qe7 34. f4 Nd6 35. f5 (35. Rc1 $11 {keeps the balance.}) 35... Nxc4 $17 36. Bc1 f6 37. Ref2 (37. g4 $11) 37... g5 (37... gxf5 $17 38. Rxf5 Qe8) 38. Qh3 (38. Nb2 $11 Nd6 39. h4) 38... Nd6 39. Qg4 {[#]} c4 (39... h5 $1 $17 {[%mdl 512]} 40. Qe2 (40. Qxh5 Nxe4) 40... a6) 40. Ne1 (40. Nb4 $1 $11) 40... Rf7 $36 {[%mdl 2048] Black is really pushing.} 41. h4 {[#]} (41. Re2 $17) 41... h6 (41... h5 $1 $19 {[%cal Rh5g4][%mdl 512]} 42. Qe2 (42. Qxh5 Nxe4) 42... g4) 42. hxg5 $1 $15 hxg5 43. Rh2 ({Better is} 43. Nf3 $15) 43... Bf8 (43... Qc7 $1 $17 {Threatens to win with ...Qc5+.} 44. Nc2 c3) 44. Rh5 ({Much weaker is} 44. Qh5 Rh7 $17) (44. Nf3 $1 $11 {remains equal.} Rg7 45. Qh5) 44... Rh7 {[#]} (44... c3 $17) 45. Kg2 $2 {[%mdl 8192]} (45. Bxg5 $1 $11 {[%mdl 512] and White is okay.} fxg5 46. Rxg5+ Bg7 47. f6 $1 {[%mdl 576] Pin}) 45... Rxh5 $19 46. Qxh5 Qh7 $2 (46... Nxe4 $19 {is more deadly. aiming for ...Qf7.} 47. Rh1 Qg7) 47. Qg4 $17 c3 48. Rh1 Qg7 49. Nf3 $2 (49. Qe2 $17) 49... Rc8 $19 50. Nh2 Rc4 51. Re1 c2 52. Nf3 Qh7 53. Nd2 Rc8 54. Rh1 Qg7 55. Rh5 (55. a4 $142) 55... Rc3 56. Nf3 Rxf3 $2 (56... Nc4 $19 57. Rh1 Ba3) 57. Qxf3 $11 g4 $2 {[%mdl 8192]} (57... Qd7 $1 $11) 58. Qe2 $18 Nxe4 $2 (58... Qc7 59. Qxg4+ Bg7) 59. Qxe4 Bc5 60. Rh4 Qf7 61. Rxg4+ Kf8 62. Qf3 (62. d6 $142 Bxd6 63. Bh6+ Ke8 64. Qc6+ {[%mdl 64] Double Attack} Kd8 65. Rg7 Qxg7 66. Bxg7 Ke7 67. Qb7+ Ke8 68. Qc8+ Kf7 69. Qd7+ $1 {[%mdl 512]} Be7 70. Bxf6 $1 {[%mdl 576] Pin}) 62... Ke7 63. Qe2 Qh5 64. Qd3 $4 {[%mdl 8192]} (64. Rg7+ {mates} Qf7 65. Rxf7+ Kxf7 66. Qxc2 a5 {[#]} 67. d6 $1 {[%mdl 512]} Bxd6 68. Qc4+ Kf8 69. Qc8+ Ke7 70. Qe6+ Kd8 71. Qxd6+ {[%mdl 64] Double Attack} Kc8 72. Qxb6) 64... Qh1+ $4 {[%mdl 8192]} (64... Qxg4 $19 65. Qxc2 Qd4 66. d6+ Kd7) 65. Kxh1 Kd6 66. Kg2 e4 {[%mdl 32768] What a bad dream for Black. Accuracy: White = 50%, Black = 53%. . Loss on time!?} 0-1

[Event "Stay Safe Play From Home 346"]
[Site "Emanuel Lasker Arena"]
[Date "2020.07.31"]
[Round "9"]
[White "Edmatuag"]
[Black "Trotsky"]
[Result "0-1"]
[WhiteElo "1731"]
[BlackElo "1550"]
[Annotator "NA RC"]
[PlyCount "84"]
[EventDate "2020.07.31"]
[EventType "swiss (blitz)"]

1. e4 {[%emt 0:00:02]} c5 {[%emt 0:00:01]} 2. d3 {[%emt 0:00:00]} e6 {[%emt 0:00:01]} 3. c3 {[%emt 0:00:01]} d5 {[%emt 0:00:00]} 4. Nd2 {[%emt 0:00:01]} Nc6 {[%emt 0:00:01]} 5. g3 {[%emt 0:00:01]} Bd6 {[%emt 0:00:01]} 6. f4 {[%emt 0:00:01]} Qc7 {[%emt 0:00:01]} 7. Ngf3 {[%emt 0:00:01]} Bd7 {[%emt 0:00:02]} 8. Bg2 {[%emt 0:00:01]} O-O-O {[%emt 0:00:01]} 9. e5 {[%emt 0:00:02]} Nxe5 {[%emt 0:00:01]} 10. fxe5 {[%emt 0:00:01]} Bxe5 {[%emt 0:00:00]} 11. Nxe5 {[%emt 0:00:01]} Qxe5+ {[%emt 0:00:01]} 12. Qe2 {[%emt 0:00:00]} Qd6 {[%emt 0:00:01]} 13. Nf3 {[%emt 0:00:02]} Nf6 {[%emt 0:00:01]} 14. Qe5 {[%emt 0:00:01]} Qc6 {[%emt 0:00:01]} 15. d4 {[%emt 0:00:02]} c4 {[%emt 0:00:02]} 16. O-O {[%emt 0:00:02]} Ng4 {[%emt 0:00:01]} 17. Qe2 {[%emt 0:00:02]} h5 {[%emt 0:00:01]} 18. Bf4 {[%emt 0:00:01]} f6 {[%emt 0:00:02]} 19. h3 {[%emt 0:00:01]} e5 {[%emt 0:00:01]} 20. dxe5 {[%emt 0:00:03]} fxe5 {[%emt 0:00:01]} 21. hxg4 {[%emt 0:00:02]} hxg4 {[%emt 0:00:01]} 22. Be3 {[%emt 0:00:01]} gxf3 {[%emt 0:00:02]} 23. Rxf3 {[%emt 0:00:01]} e4 {[%emt 0:00:01]} 24. Rf4 {[%emt 0:00:01]} Rh7 {[%emt 0:00:03]} 25. Kf2 {[%emt 0:00:02]} Rdh8 {[%emt 0:00:01]} 26. Rg1 {[%emt 0:00:03]} g5 {[%emt 0:00:01]} 27. Rg4 {[%emt 0:00:04]} Rf7+ {[%emt 0:00:01]} 28. Ke1 {[%emt 0:00:01]} Qa4 {[%emt 0:00:01]} 29. a3 {[%emt 0:00:02]} Bxg4 {[%emt 0:00:02]} 30. Qxg4+ {[%emt 0:00:02]} Kb8 {[%emt 0:00:01]} 31. Qd1 {[%emt 0:00:03]} Qc6 {[%emt 0:00:05]} 32. Qd4 {[%emt 0:00:04]} Rd8 {[%emt 0:00:02]} 33. Qxa7+ {[%emt 0:00:01]} Kc7 {[%emt 0:00:01]} 34. Qa5+ {[%emt 0:00:01]} b6 {[%emt 0:00:01]} 35. Qa7+ {[%emt 0:00:01]} Kd6 {[%emt 0:00:01]} 36. Qxf7 {[%emt 0:00:00]} Rd7 {[%emt 0:00:02]} 37. Qf6+ {[%emt 0:00:02]} Kc7 {[%emt 0:00:02]} 38. Qxc6+ {[%emt 0:00:00]} Kxc6 {[%emt 0:00:02]} 39. Bxg5 {[%emt 0:00:00]} b5 {[%emt 0:00:01]} 40. Be3 {[%emt 0:00:00]} d4 {[%emt 0:00:02]} 41. Bxd4 {[%emt 0:00:02]} Kc7 {[%emt 0:00:01]} 42. Bxe4 {[%emt 0:00:01]} b4 {[%emt 0:00:01] Time (Lag: Av=0.37s, max=0.5s) .} 0-1

[Event "Stay Safe Play From Home 346"]
[Site "Emanuel Lasker Arena"]
[Date "2020.07.31"]
[Round "9"]
[White "Mw testing"]
[Black "NTBT_DHS"]
[Result "0-1"]
[WhiteElo "1653"]
[BlackElo "2584"]
[Annotator "TA"]
[PlyCount "36"]
[EventDate "2020.07.31"]
[EventType "swiss (blitz)"]

{[%evp 16,36,34,37,38,-30,-14,-22,29,-23,-16,-8,0,-35,47,43,59,-412,-410,-404,-429,-1681,-1704]} 1. d4 g6 2. c4 Bg7 3. Nc3 Nf6 4. e4 O-O 5. Be3 d6 6. f3 c5 7. Nge2 Nc6 8. d5 Ne5 9. Ng3 e6 {E81: King's Indian: Sämisch: 6th move deviations (including 6 Be3 c6).} 10. h3 ({Better is} 10. Be2 $14) 10... exd5 11. cxd5 {[#]} Re8 $146 ({Black should try} 11... Nfd7) ({Predecessor:} 11... Nh5 12. Nxh5 Qh4+ 13. g3 Qxh5 14. Be2 f5 15. f4 Ng4 16. Qd2 Qh6 17. Bxg4 fxg4 {½-½ (60) Cerveny,M (2384)-Hoepfl,T (2288) Germany 2017}) 12. Bd3 (12. Be2 $142) 12... h5 13. O-O h4 14. Nge2 Bd7 (14... Nh5 $15) 15. Bg5 $14 Qb6 {[#] ...c4+ is the strong threat.} 16. Rb1 $2 {[%mdl 8192]} (16. Bc2 $14 {keeps the upper hand.}) 16... c4+ $19 17. Kh1 {With the idea Bc2.} cxd3 18. Qxd3 (18. Nf4 $142) 18... Nxd3 {Accuracy: White = 27%, Black = 67%.} 0-1